000 00636nam a2200253Ia 4500
005 20260123122744.0
008 008 260114s9999 xx 000 0 eng d
020 _a9781526402004
037 _aEBOOK
040 _aCRL
040 _beng
040 _cCRL
041 _2eng
041 _aeng
084 _qCRL
100 _aLinda Miller,Claire Cameron
_91105194
245 4 _aThe SAGE Handbook of Early Childhood Policy
260 _bSAGE
260 _c2018
856 _uhttps://sk.sagepub.com/reference/the-sage-handbook-of-early-childhood-policy
942 _cEBOOK
999 _c1670430
_d1670430